| 000 | 00470nam a22002057a 4500 | ||
|---|---|---|---|
| 001 | 21586 | ||
| 005 | 20260318154115.0 | ||
| 008 | 260318b |||||||| |||| 00| 0 spa d | ||
| 041 | _aESP | ||
| 082 |
_a345 _bB236 |
||
| 100 |
_aBarrios de Ángelis, Dante _eAUT |
||
| 245 | _aTeoría del proceso | ||
| 260 |
_a : _b , _c2002 |
||
| 300 |
_a297 páginas : _b ; _c00 cm. |
||
| 440 | _a ; | ||
| 650 | _aDER | ||
| 654 | _aCDE | ||
| 700 | _a; | ||
| 942 |
_cLIB _dJUS _fJUS _2ddc |
||
| 999 |
_c21586 _d21586 |
||